000 00388nam a22001697a 4500
003 OSt
005 20220201112713.0
008 220201b |||||||| |||| 00| 0 eng d
020 _a0074637363
040 _cH.U
082 _a621.381
100 _aMillman
_929290
245 _aMicroelectronics
250 _a2nd
260 _aNew Delhi
_bTata McGraw Hill
_c1987
942 _2ddc
_cBOOKS
_n0
999 _c28705
_d28705